Normal view
MARC view
- Turābī, Nis̲ār.
Entry Personal Name
001 - CONTROL NUMBER
- control field: 15893
003 - CONTROL NUMBER IDENTIFIER
- control field: NUST
005 - DATE AND TIME OF LATEST TRANSACTION
- control field: 20190628064422.0
008 - FIXED-LENGTH DATA ELEMENTS
- fixed length control field: 190628|| aca||aabn | a|a d
040 ## - CATALOGING SOURCE
- Original cataloging agency: NUST
- Transcribing agency: NUST
100 ## - HEADING--PERSONAL NAME
- Personal name: Turābī, Nis̲ār.
670 ## - SOURCE DATA FOUND
- Source citation: Work cat.: (NUST)0: Turābī, Nis̲ār., Shāh Murād K̲h̲ānpūrī :, 2004.
